00510 2200193 4500001002100000005001500021035002000036007000300056008004100059020002200100082001100122084001700133245004200150250001100192260003200203300004600235650001500281110002000296INLIS00000000000040220221031015655 a0010-1022000144ta221031 a 0 ind  a978-602-286-048-8 a2X3.04 a2X3.04 TIM k1 aKisah Nabi Adam AS /cTim Anak Muslim aCet. I aJakarta :bAnak Kita,c2018 a22 halaman :bilustrasi berwarna ;c26 cm 4aKisah Nabi0 aTim Anak Muslim